000 00825cam a2200253 4500
008 090401t1995 xxu||||| |||| 00| 0 eng d
020 _a011753207X
035 _a(Sirsi) u86325
041 _aeng
050 _a711.1
110 _aUnited Kingdom
_bDepartment of the Environment
_9982
245 _aPreparation of environmental statements for planning projects that require environmental assessment: a good practice guide.
260 _aLondon
_bHMSO
_c1995
300 _aiv,135p. ; 30cm.
350 _a12
520 _aProduced under the DoE Planning Research Programme.
650 _aENVIRONMENTAL ASSESSMENT
650 _aENVIRONMENTAL IMPACT ASSESSMENTS
650 _aENVIRONMENTAL POLICY
650 _aENVIRONMENTAL STATEMENTS
690 _aPLANNING LAW AND PRACTICE
942 _n0
948 _c04/03/1997
999 _c97129
_d97129